000
00294nam a22001337a 4500
008
171023b xxu||||| |||| 00| 0 eng d
020
_a
9780130615947
041
_a
eng
080
_a
338
100
_a
54
101
_a
MO
245
_a
OPERATIONS MANAGEMENT
_c
KRAJEWSKI, L.J
942
_2
udc
_c
BK
999
_c
35471
_d
35471